Geografía de américa /

Guardado en:
Autor Principal: Blanco, Jorge
Otros Autores: Fernández Caso, María Victoria, Gurevich, Raquel
Formato: Libro
Publicado: Buenos Aires : Aique, 2006
Series:Conciencia Social
Materias:
Etiquetas: Agregar Etiqueta
Sin Etiquetas, Sea el primero en etiquetar este registro!
LEADER 01204nam a22002655a 4500
001 CEM.cems012399
005 20080225165819.0
008 130507s2006##################000#0#####d
003 CEMS
020 |a 9870600743 
082 0 4 |a Z918 
100 1 |a Blanco, Jorge 
245 1 0 |a Geografía de américa /  |c Jorge Blanco, María Victoria Fernández Caso y Raquel Gurevich 
260 |a Buenos Aires :  |b Aique,  |c 2006 
300 |a 144 p. 
490 0 |a Conciencia Social 
505 0 |a Los territorios en la América contemporánea -- Ambientes y recursos en América -- Dinámica demográfica, empleo y calidad de vida en América -- Los espacios rurales americanos -- Los espacios urbanos en América -- Integración, comercio internacional y transporte en América -- Anexo cartográfico 
653 |a Geografía 
653 |a Geografía de américa 
700 1 |a Fernández Caso, María Victoria 
700 1 |a Gurevich, Raquel 
859 |a CEMS  |b BIB. CEMS - 11 de abril  |h Z918  |i B593  |p 23697.07  |t Ej.1 
859 |a CEMS  |b BIB. CEMS - 11 de abril  |h Z918  |i B593  |p 25374.08  |t Ej.3 
859 |a CEMS  |b BIB. CEMS - 11 de abril  |h Z918  |i B593  |p 25375.08  |t Ej.2 
859 |a CEMS  |b BIB. CEMS - 11 de abril  |h Z918  |i B593  |p 25831.10  |t Ej.4